banner-ar

من المكتبة القرآنية / (Record no. 61267)

MARC details
000 -الفاتح
حقل البيانات ثابتة الطول 01112nam a22003257a 4500
005 - وقت وتاريخ اخر تعامل مع التسجيلة
رقم الضبط 20240530110452.0
008 - عناصر البيانات ثابتة الطول - معلومات عامة
حقل البيانات ثابتة الطول 150514s2012 ua g 000 0cara d
017 ## - رقم الايداع القانونى
رقم الايداع القانونى 2011/17055
المصدر ( الهيئة المختصة) مصر . دار الكتب المصرية
020 ## - الرقم الدولى المعيارى للكتب
الرقم الدولى المعيارى للكتاب 9789774950919
040 ## - مصدر الفهرسة
وكالة الفهرسة الأصلية EG-CaGPL
082 04 - رقم تصنيف ديوى العشرى
رقم الطبعة 21
رقم التصنيف 220\
رقم المادة ي م
100 0# - المدخل الرئيسى - إسم شخصى
الإسم الشخصى يوسف نوفل
245 10 - بيان العنوان
العنوان من المكتبة القرآنية /
بيان المسئوليه,etc يوسف نوفل
250 ## - بيان الطبعة
بيان الطبعة ط1
260 ## - PUBLICATION, DISTRIBUTION, ETC. (IMPRINT)
تاريخ النشر أو التوزيع 2012 .
300 ## - الوصف المادى
التعداد 214 ص ؛
أبعاد الوعاء 24 سم
650 04 - المدخل الاضافى بالموضوع-مصطلح موضوعى
مصطلح موضوعي القرآن الكريم
650 04 - المدخل الاضافى بالموضوع-مصطلح موضوعى
مصطلح موضوعي القرآن
التقسيم الفرعي العام اعجاز
650 04 - المدخل الاضافى بالموضوع-مصطلح موضوعى
مصطلح موضوعي القرآن
التقسيم الفرعي العام تفاسير نحوية
650 04 - المدخل الاضافى بالموضوع-مصطلح موضوعى
مصطلح موضوعي القرآن
التقسيم الفرعي العام تفاسير كلامية
650 04 - المدخل الاضافى بالموضوع-مصطلح موضوعى
مصطلح موضوعي القرآن
التقسيم الفرعي العام تفاسير فقهيه
650 04 - المدخل الاضافى بالموضوع-مصطلح موضوعى
مصطلح موضوعي القرآن
التقسيم الفرعي العام بلاغة
650 04 - المدخل الاضافى بالموضوع-مصطلح موضوعى
مصطلح موضوعي القرآن
التقسيم الفرعي العام تفاسير نحوية
650 04 - المدخل الاضافى بالموضوع-مصطلح موضوعى
مصطلح موضوعي القرآن
التقسيم الفرعي العام تفسير
650 04 - المدخل الاضافى بالموضوع-مصطلح موضوعى
مصطلح موضوعي القرآن
التقسيم الفرعي العام امثال
650 04 - المدخل الاضافى بالموضوع-مصطلح موضوعى
مصطلح موضوعي القرآن
التقسيم الفرعي العام علوم
650 04 - المدخل الاضافى بالموضوع-مصطلح موضوعى
مصطلح موضوعي قصص القرآن
942 ## - عناصر المدخل الإضافي( كوها)
مصدر التصنيف او مخطط الترفيف Dewey Decimal Classification
Koha [default] item type كتاب
260 ## - PUBLICATION, DISTRIBUTION, ETC. (IMPRINT)
-- القاهرة :
-- دار العالم العربى ،
Holdings
حالة التراجع حالة الفقد حالة تلف ليس للاعارة المكان المؤقت الموقع الحالى تاريخ الاكتساب اجمالي اﻻعارات رقم الطلب الباركود تاريخ اخر مشاهدة تاريخ تفعيل السعر نوع وعاء كوها
        مكتبة القاهرة الكبرى مكتبة القاهرة الكبرى 05/14/2015   220\ ي م 160522 05/14/2015 05/14/2015 كتاب

Powered By

EGPV